| 000 | 00800cab a2200229 4500 | ||
|---|---|---|---|
| 001 | WB2626-56 | ||
| 008 | 090401t1990 xxu||||| |||| 00| 0 eng d | ||
| 035 | _a(Sirsi) u3477 | ||
| 041 | _aeng | ||
| 245 | _aHousing land availability | ||
| 260 | _c1990 | ||
| 350 | _a0 | ||
| 490 |
_aEGCS _v1990 85 |
||
| 520 | _aIn Second City (South West) Ltd v SoS for the Environment and another QBD 20 June 1990, it was held that there had been a breach of the rules of natural justice in the rejection of planning permission for residential development on prime agricultural land under the Town and Country Planning Act 1971 s245 . | ||
| 650 | _aFIVE-YEAR SUPPLY | ||
| 650 | _aHOUSE BUILDING LAND | ||
| 650 | _aPPG3 | ||
| 650 | _aPPG7 | ||
| 690 | _aRURAL PRACTICE | ||
| 942 | _n0 | ||
| 948 | _c04/03/1997 | ||
| 999 |
_c2137 _d2137 |
||